Bariérové opcie
Dva základné druhy bariérových opcií: knock-in opcia a knock-out opcia. Call down knock-in bariérové opcie.
Saved in:
| Main Author: | |
|---|---|
| Format: | Book Chapter |
| Language: | Slovak |
| Subjects: | |
| Tags: |
No Tags, Be the first to tag this record!
|
MARC
| LEADER | 00000naa$a2200000$$$4500 | ||
|---|---|---|---|
| 001 | 0084813 | ||
| 005 | 20240502071948.5 | ||
| 041 | 0 | |a slo | |
| 044 | |a SK | ||
| 245 | 1 | 0 | |a Bariérové opcie |c Boris Šturc |
| 520 | |a Dva základné druhy bariérových opcií: knock-in opcia a knock-out opcia. Call down knock-in bariérové opcie. | ||
| 610 | 2 | 0 | |a trh finančný |
| 610 | 2 | 0 | |a opcie |
| 610 | 2 | 0 | |a cash flow |
| 610 | 2 | 0 | |a aktíva |
| 100 | 1 | |a Šturc, Boris, 1961- | |